000 00729nam a2200253Ia 4500
003 OSt
005 20221006143217.0
006 a|||||r|||| 00| 0
007 ta
008 221006b |||||||| |||| 00| 0 eng d
020 _cP35.00
024 _a8,345
037 _cTextual
040 _aEASL
_cEASL
_beng
041 _2eng
_aeng
082 _aX:97.42.N88, M9
100 _aCHALMERS Norma J
_9649408
245 0 _aIndustrial relations in Japan
_b The peripheral workforce
260 _aLondon
_bRoutledge
_c1989
300 _a245p.
_ccm.
490 _v JEL
_aNissan Institute/Routledge Japanese Studies Series
942 _hX:97.42.N88, M9
_cTEXL
_2CC
999 _c1076431
_d1076431